| 000 | 01182nam a22002657a 4500 | ||
|---|---|---|---|
| 005 | 20170123164151.0 | ||
| 010 | _aB-123912 | ||
| 020 |
_c300.00 _a8171163955 |
||
| 035 | _aB-123912 | ||
| 037 | _bCen Lib / Ret | ||
| 040 |
_aDPL _bPN |
||
| 082 |
_a850.8 _bਰਵਿੰਦ |
||
| 100 |
_aਰਵਿੰਦਰ ਰਾਵੀ _9126762 |
||
| 245 |
_aਕਥਾਕਾਰ / _cਰਵਿੰਦਰ ਰਾਵੀ ; ਸੰਪਾਦਕ ਗੁਰੂਮੇਲ _bਕਹਾਨੀ ਸੰਗ੍ਰਹਿ / |
||
| 246 |
_aKathaakaar : short stories / _bby Ravinder Ravi ; edited by Gurumel |
||
| 260 |
_aਦਿੱਲੀ _bਨੈਸ਼ਨਲ਼ ਬੂਕ ਸ਼ਾਪ _c2005 |
||
| 270 |
_aਪ੍ਲੇਆਸੁਰ ਗਾਰਡਨ ਮਾਰਕਿਟ, ਚਾਂਦਨੀ ਚੋਕ ਦਿੱਲੀ _bਦਿੱਲੀ _e110006 |
||
| 300 |
_a303p. _c21cm(pbk) |
||
| 650 |
_a ਪੰਜਾਬੀ ਸਾਹਿਤ _9126763 |
||
| 650 |
_aਪੰਜਾਬੀ ਕਹਾਣੀਆਂ _9126764 |
||
| 650 |
_aਪੰਜਾਬੀ - ਸਾਹਿਤ _9126765 |
||
| 650 |
_aPunjabi Literature-Fiction _99827 |
||
| 700 |
_aਗੁਰੂਮੇਲ _9126766 |
||
| 942 |
_2ddc _cPN _h850.8 _mਰਵਿੰਦ |
||
| 999 |
_c110386 _d110386 |
||